000 00315pab a2200145 454500
008 180718b2005 xxu||||| |||| 00| 0 eng d
100 _aAgrawal, Anurag
245 _aRegional rural banks
260 _c2005
300 _ap.20-23.
362 _aJuly
650 _aBanks
773 _aKurukshetra
909 _a65926
999 _c65926
_d65926